000 00256nam a22000977a 4500
082 _a625.85
_bCOM
_cD
100 _abROS
_943877
245 _aCompaction of Deep Lift Bituminous Stabilized Base
526 _a0
_b0
_c0
_d625_850000000000000_COM
942 _2ddc
_cBK
999 _c547738
_d547738